[Event "Balaguer op"]
[Site "?"]
[Date "2011.07.18"]
[Round "2"]
[White "Alvarez Pedraza, A."]
[Black "Ramon Solans, A."]
[Result "1-0"]
[WhiteElo "2551"]
[BlackElo "2280"]
[PlyCount "65"]
[EventDate "2011.??.??"]
[EventType "swiss"]
[Source "Chessbase"]
[SourceDate "2011.07.29"]

1. d3 f6 2. a3 d5 3. c4 c6 4. Qc2 e5 5. e3 Be6 6. Nf3 Bd6 7. b3 Ne7 8. Bb2 Nd7
9. g3 b5 10. Nbd2 O-O 11. Be2 Rb8 12. O-O Qe8 13. Nh4 Bh3 14. Rfc1 f5 15. Ndf3
h6 16. cxd5 cxd5 17. d4 e4 18. Ne5 g5 19. Ng2 f4 20. exf4 gxf4 21. Bf1 f3 22.
Ne3 Bxf1 23. Rxf1 Rf5 24. Nxf5 Nxf5 25. Nxf3 Qh5 26. Ne5 Nf6 27. Rae1 Ng4 28.
Nxg4 Qxg4 29. Qe2 Qh3 30. f3 Re8 31. Qg2 Qxg2+ 32. Kxg2 exf3+ 33. Kxf3 1-0

[Event "Balaguer op"]
[Site "?"]
[Date "2011.07.18"]
[Round "2"]
[White "Aranzana Areste, A."]
[Black "Roeder, M."]
[Result "0-1"]
[WhiteElo "2065"]
[BlackElo "2420"]
[PlyCount "63"]
[EventDate "2011.??.??"]
[EventType "swiss"]
[Source "Chessbase"]
[SourceDate "2011.07.29"]

1. e4 c5 2. Nf3 d6 3. c3 Nf6 4. Bb5+ Nbd7 5. d3 a6 6. Ba4 g6 7. O-O b5 8. Bc2
Bb7 9. Re1 Rc8 10. d4 cxd4 11. Nxd4 Bg7 12. f3 O-O 13. Be3 d5 14. exd5 Nxd5 15.
Bf2 e5 16. Ne2 N7b6 17. Nd2 f5 18. Bb3 Rb8 19. Nf1 Nc4 20. Bxc4 bxc4 21. Ne3
Nxe3 22. Bxe3 Qc7 23. Qc2 f4 24. Bf2 g5 25. h3 Rbe8 26. Rad1 e4 27. fxe4 Bxe4
28. Qa4 Bxg2 29. Nd4 Rxe1+ 30. Rxe1 Bxh3 31. Qc6 Qxc6 32. Nxc6 0-1

[Event "Balaguer op"]
[Site "?"]
[Date "2011.07.18"]
[Round "2"]
[White "Arno Bendicho, X."]
[Black "Leon Valera, J."]
[Result "1/2-1/2"]
[WhiteElo "1631"]
[BlackElo "1859"]
[PlyCount "110"]
[EventDate "2011.??.??"]
[EventType "swiss"]
[Source "Chessbase"]
[SourceDate "2011.07.29"]

1. d4 d5 2. Nf3 e6 3. e3 Nf6 4. Bd3 Be7 5. Nbd2 c5 6. b3 cxd4 7. exd4 Nc6 8.
Bb2 Nb4 9. Be2 Bd7 10. a3 Nc6 11. Ne5 O-O 12. O-O Bd6 13. f4 Rc8 14. Bd3 a6 15.
Rf3 Ne7 16. Rh3 Ng6 17. Qf3 Qe8 18. g4 Bb5 19. g5 Bxd3 20. cxd3 Nd7 21. Qh5 h6
22. Rf1 Bxe5 23. fxe5 Ne7 24. gxh6 g6 25. h7+ Kh8 26. Qh6 Nf5 27. Qg5 Qe7 28.
Rxf5 Qxg5+ 29. Rxg5 Rc2 30. Nf3 Rxb2 31. Nh4 Rc8 32. Rf3 Rc1+ 33. Rf1 Rxf1+ 34.
Kxf1 Kxh7 35. Rg2 Rxb3 36. Rc2 Kg7 37. Ke2 b5 38. Ra2 Nb6 39. Kd2 Na4 40. Kc2
Rc3+ 41. Kd2 Rc8 42. Nf3 Nc3 43. Rb2 Na4 44. Rb3 f6 45. Rb1 g5 46. Rg1 Kf7 47.
exf6 Kxf6 48. Nxg5 Rh8 49. Nf3 Rh3 50. Rf1 Ke7 51. Ke3 Nb2 52. Kd2 Na4 53. Rf2
a5 54. Kc2 Nb6 55. Ne5 Kd6 1/2-1/2

[Event "Balaguer op"]
[Site "?"]
[Date "2011.07.18"]
[Round "2"]
[White "Barbero Sendic, A."]
[Black "Gomez Garrido, C."]
[Result "0-1"]
[WhiteElo "2264"]
[BlackElo "2524"]
[PlyCount "86"]
[EventDate "2011.??.??"]
[EventType "swiss"]
[Source "Chessbase"]
[SourceDate "2011.07.29"]

1. e4 c5 2. Nf3 d6 3. d4 cxd4 4. Nxd4 Nf6 5. Nc3 a6 6. Bc4 e6 7. Bb3 b5 8. Bg5
Bb7 9. O-O Nbd7 10. Re1 Qb6 11. a3 Be7 12. Be3 Nc5 13. Bxe6 fxe6 14. Nxe6 Qc6
15. Bxc5 dxc5 16. Nxg7+ Kf8 17. Nf5 Rg8 18. Qf3 Re8 19. Rad1 Qe6 20. Nd5 Bd8
21. Re3 Nxd5 22. exd5 Qf6 23. Rxe8+ Kxe8 24. Qh3 Rg5 25. Qxh7 Qxf5 26. Re1+ Kf8
27. Qxb7 Qxd5 28. Qxd5 Rxd5 29. Kf1 Bg5 30. g3 Rd2 31. Re2 Rxe2 32. Kxe2 Bc1
33. b3 Bxa3 34. Kd3 Bc1 35. f4 Kf7 36. Ke4 a5 37. Kd5 a4 38. bxa4 bxa4 39. Kc4
Bd2 40. c3 Bc1 41. f5 Kf6 42. g4 Kg5 43. h3 Kh4 0-1

[Event "Balaguer op"]
[Site "?"]
[Date "2011.07.18"]
[Round "2"]
[White "Borras Burgues, J."]
[Black "Ferrer Font, J."]
[Result "1-0"]
[WhiteElo "1394"]
[BlackElo "1815"]
[PlyCount "107"]
[EventDate "2011.??.??"]
[EventType "swiss"]
[Source "Chessbase"]
[SourceDate "2011.07.29"]

1. e4 d6 2. Ne2 Nf6 3. Ng3 g6 4. d4 Bg7 5. Be3 O-O 6. Be2 Nc6 7. c3 e5 8. d5
Ne7 9. O-O Nd7 10. c4 f5 11. Bg5 f4 12. Bxe7 Qxe7 13. Nh1 g5 14. Bg4 Nf6 15.
Bxc8 Raxc8 16. f3 h5 17. Qb3 Rb8 18. Nd2 g4 19. h3 gxh3 20. gxh3 Nh7 21. Rf2
Qh4 22. Nf1 Kf7 23. Qa4 Ke7 24. Rh2 Rg8 25. Nf2 Bh6+ 26. Ng4 hxg4 27. hxg4 Qf6
28. Kf2 Ng5 29. Nd2 Rh8 30. Rah1 a6 31. Qa5 Kd7 32. Nb3 Bg7 33. c5 Rxh2+ 34.
Rxh2 Rh8 35. Rxh8 Bxh8 36. c6+ bxc6 37. dxc6+ Kd8 38. Qxa6 Nh3+ 39. Ke2 Qh4 40.
Qa7 Ke8 41. Nd2 Qd8 42. b4 d5 43. b5 dxe4 44. Nxe4 Ng5 45. Nxg5 Qxg5 46. Qxc7
Qh4 47. b6 Qh2+ 48. Kd3 Qxa2 49. b7 Qd5+ 50. Ke2 Qa2+ 51. Kf1 Qc4+ 52. Kg1 Qd4+
53. Kg2 Qd2+ 54. Kh3 1-0

[Event "Balaguer op"]
[Site "?"]
[Date "2011.07.18"]
[Round "2"]
[White "Borras Camarasa, M."]
[Black "Puig Carres, J."]
[Result "1-0"]
[WhiteElo "1601"]
[BlackElo "1838"]
[PlyCount "75"]
[EventDate "2011.??.??"]
[EventType "swiss"]
[Source "Chessbase"]
[SourceDate "2011.07.29"]

1. e4 e6 2. d4 d5 3. exd5 exd5 4. Nf3 Bg4 5. c3 Be7 6. Bd3 Nf6 7. Bg5 h6 8.
Bxf6 Bxf6 9. Nbd2 O-O 10. O-O c6 11. Re1 Qc7 12. Qc2 Nd7 13. Re3 Rae8 14. Rae1
Rxe3 15. Rxe3 Qb8 16. Bf5 Bxf5 17. Qxf5 Qd8 18. Ne5 Bxe5 19. dxe5 Re8 20. e6
fxe6 21. Rxe6 Rf8 22. Qg4 Nf6 23. Qe2 Rf7 24. Nb3 Qb6 25. Qe3 Qa6 26. Rd6 Qxa2
27. Rd8+ Kh7 28. Nd2 Qa1+ 29. Nf1 Ne4 30. f3 Nf6 31. Qe6 Kg6 32. h4 h5 33. Qe5
Qxb2 34. Rh8 Qc1 35. f4 Ne4 36. Qxh5+ Kf6 37. Qe5+ Kg6 38. h5# 1-0

[Event "Balaguer op"]
[Site "?"]
[Date "2011.07.18"]
[Round "2"]
[White "Burmakin, V."]
[Black "Arribas Robaina, M."]
[Result "1-0"]
[WhiteElo "2579"]
[BlackElo "2292"]
[PlyCount "98"]
[EventDate "2011.??.??"]
[EventType "swiss"]
[Source "Chessbase"]
[SourceDate "2011.07.29"]

1. Nf3 Nf6 2. c4 c6 3. b3 d5 4. Bb2 Bf5 5. g3 e6 6. Bg2 Be7 7. d3 h6 8. O-O O-O
9. Qc2 Nbd7 10. Nbd2 a5 11. a3 Qb6 12. Bc3 Rfd8 13. Qb2 c5 14. cxd5 exd5 15. e4
Bh7 16. exd5 Bxd3 17. Rfe1 Bf8 18. Nc4 Qa6 19. Nfd2 Nb6 20. Bxf6 gxf6 21. Qc3
Bg6 22. Nxb6 Qxb6 23. Nc4 Qa6 24. a4 Rd7 25. Bf1 Rxd5 26. Ne3 Rd3 27. Bxd3 Qxd3
28. Qxd3 Bxd3 29. Rac1 Ra6 30. Nc4 f5 31. Re8 Re6 32. Rxe6 fxe6 33. Nxa5 Be4
34. Nc4 Bd5 35. a5 Be7 36. Ra1 Bf6 37. Ra2 Kf7 38. a6 bxa6 39. Rxa6 Bd4 40. Kf1
Kg6 41. Rb6 Kf6 42. Ke2 Ke7 43. Ne3 Be4 44. f3 Bb1 45. Ra6 Kf7 46. Kd2 h5 47.
Nc4 Kf6 48. Na3 f4 49. Nc4 Ke7 1-0

[Event "Balaguer op"]
[Site "?"]
[Date "2011.07.18"]
[Round "2"]
[White "Codina Garcia, J."]
[Black "Colovic, A."]
[Result "0-1"]
[WhiteElo "2133"]
[BlackElo "2450"]
[PlyCount "80"]
[EventDate "2011.??.??"]
[EventType "swiss"]
[Source "Chessbase"]
[SourceDate "2011.07.29"]

1. d4 Nf6 2. Nf3 c5 3. d5 e6 4. c4 d6 5. Nc3 exd5 6. cxd5 g6 7. e4 a6 8. a4 Bg4
9. Be2 Bxf3 10. Bxf3 Bg7 11. O-O Nbd7 12. Bf4 Qe7 13. Qd2 O-O 14. Bh6 Rfe8 15.
Bxg7 Kxg7 16. Rae1 Rab8 17. Bd1 b5 18. axb5 axb5 19. Bc2 b4 20. Nd1 Qe5 21. Re3
Qd4 22. Qc1 Nxe4 23. Rd3 Qc4 24. Rh3 h5 25. Ne3 Qd4 26. Rd1 Qf6 27. Rf3 Qd8 28.
Bxe4 Rxe4 29. Nc4 Rxc4 30. Qxc4 Ne5 31. Qf4 Nxf3+ 32. Qxf3 Qf6 33. Qe2 Ra8 34.
g3 Ra2 35. Rd2 c4 36. Qxc4 Rxb2 37. Rxb2 Qxb2 38. Qc6 b3 39. Qxd6 Qb1+ 40. Kg2
Qe4+ 0-1

[Event "Balaguer op"]
[Site "?"]
[Date "2011.07.18"]
[Round "2"]
[White "Escur Hereu, J."]
[Black "Arno Bendicho, A."]
[Result "0-1"]
[WhiteElo "1700"]
[BlackElo "1917"]
[PlyCount "108"]
[EventDate "2011.??.??"]
[EventType "swiss"]
[Source "Chessbase"]
[SourceDate "2011.07.29"]

1. c4 e6 2. Nc3 Nf6 3. d4 d5 4. cxd5 exd5 5. Bg5 Be7 6. e3 c6 7. Bd3 O-O 8.
Nge2 Be6 9. O-O Nbd7 10. b3 Re8 11. Rc1 Nf8 12. Nf4 Qd7 13. Bxf6 Bxf6 14. Nxe6
Qxe6 15. Qf3 Ng6 16. Ne2 Qd6 17. Bxg6 fxg6 18. Nf4 Rf8 19. Qg4 Rae8 20. Nd3 Re4
21. Qd1 Bd8 22. Nc5 Re7 23. Rc2 Bc7 24. g3 Bb8 25. Qd2 h5 26. f4 Qf6 27. Nd3 g5
28. Ne5 Bxe5 29. dxe5 Rxe5 30. Qd3 Re4 31. Rcf2 Qe7 32. Re2 gxf4 33. Rxf4 Rfxf4
34. gxf4 Kh8 35. Kg2 d4 36. Kf3 Rxe3+ 37. Rxe3 Qxe3+ 38. Qxe3 dxe3 39. Kxe3 Kg8
40. Ke4 Kf7 41. Ke5 c5 42. a4 b6 43. Kd5 Kf6 44. Kc6 Ke6 45. Kb7 Kd6 46. Kxa7
Kc6 47. f5 h4 48. h3 b5 49. axb5+ Kxb5 50. Kb7 c4 51. bxc4+ Kxc4 52. Kc6 Kd4
53. Kd6 Ke4 54. Ke6 Kf4 0-1

[Event "Balaguer op"]
[Site "?"]
[Date "2011.07.18"]
[Round "2"]
[White "Fernandez Cardoso, A."]
[Black "Gutierrez Martos, FE."]
[Result "1-0"]
[WhiteElo "2450"]
[BlackElo "2071"]
[PlyCount "89"]
[EventDate "2011.??.??"]
[EventType "swiss"]
[Source "Chessbase"]
[SourceDate "2011.07.29"]

1. e4 e5 2. Nf3 Nf6 3. Nxe5 d6 4. Nf3 Nxe4 5. d4 d5 6. Bd3 Nc6 7. O-O Be7 8.
Re1 Bf5 9. a3 O-O 10. c4 Bf6 11. Nc3 Nxc3 12. bxc3 Bxd3 13. Qxd3 Na5 14. cxd5
Qxd5 15. Bf4 Rac8 16. Be5 Bd8 17. Bxg7 Kxg7 18. Re5 Qd7 19. Rxa5 c5 20. Ne5 Qd5
21. Rxa7 cxd4 22. Qxd4 Qxd4 23. cxd4 Bb6 24. Ra4 Rfd8 25. Nf3 Rd6 26. Rb4 Rc3
27. Kf1 Rd3 28. Rab1 Ba5 29. Rxb7 Rxa3 30. R7b3 Ra2 31. g3 Bd8 32. Rb7 Bf6 33.
R1b6 Rxd4 34. Rb5 Rd6 35. Rf5 Kg6 36. Rf4 Ra5 37. Rg4+ Kf5 38. h3 h5 39. Rg8
Ra3 40. Kg2 h4 41. g4+ Kf4 42. Rb5 Re6 43. Nd2 Rg3+ 44. fxg3+ Ke3 45. Nf3 1-0

[Event "Balaguer op"]
[Site "?"]
[Date "2011.07.18"]
[Round "2"]
[White "Fumas Fontova, E."]
[Black "Subarroca Blanch, F."]
[Result "1-0"]
[WhiteElo "1637"]
[BlackElo "1880"]
[PlyCount "121"]
[EventDate "2011.??.??"]
[EventType "swiss"]
[Source "Chessbase"]
[SourceDate "2011.07.29"]

1. e4 b6 2. d4 Bb7 3. Bd3 Nc6 4. c3 e6 5. Nf3 Nf6 6. Bg5 h6 7. Bh4 Be7 8. Nbd2
d6 9. O-O Qd7 10. Qe2 O-O-O 11. Ba6 g5 12. Bxb7+ Kxb7 13. Bg3 Nh7 14. b4 f5 15.
exf5 exf5 16. h3 Nf6 17. a4 Nd5 18. Qc4 Nf6 19. a5 d5 20. Qe2 Rhe8 21. axb6
cxb6 22. Qa6+ Ka8 23. Qxb6 f4 24. b5 Nb8 25. Ne5 Qb7 26. Qxb7+ Kxb7 27. Bh2 Rc8
28. Rfc1 Bd6 29. Nf7 Bf8 30. c4 Re2 31. Nb3 Ne4 32. f3 Nd6 33. Nxd6+ Bxd6 34.
c5 Bc7 35. Ra3 Rce8 36. Kh1 Re1+ 37. Rxe1 Rxe1+ 38. Bg1 Bd8 39. Ra1 Rxa1 40.
Nxa1 Nd7 41. c6+ Kb6 42. cxd7 Kxb5 43. Nb3 a5 44. Bf2 a4 45. Nc5 a3 46. Nb3 a2
47. Be1 Kc4 48. Na1 Kxd4 49. Kg1 Kd3 50. Kf1 d4 51. Bb4 Kc4 52. Bd2 d3 53. Ke1
Kc5 54. Kd1 Kc6 55. Kc1 Kxd7 56. Kb2 Kc6 57. Kxa2 Kc5 58. Nb3+ Kc4 59. Na5+ Kb5
60. Kb3 Kc5 61. Nb7+ 1-0

[Event "Balaguer op"]
[Site "?"]
[Date "2011.07.18"]
[Round "2"]
[White "Gomez Ledo, RC."]
[Black "Gensana Berzunces, J."]
[Result "1-0"]
[WhiteElo "2428"]
[BlackElo "2013"]
[PlyCount "57"]
[EventDate "2011.??.??"]
[EventType "swiss"]
[Source "Chessbase"]
[SourceDate "2011.07.29"]

1. d4 Nf6 2. c4 e6 3. Nc3 Bb4 4. e3 c5 5. Nf3 Nc6 6. Bd3 d5 7. O-O O-O 8. a3
Bxc3 9. bxc3 dxc4 10. Bxc4 Qc7 11. h3 e5 12. Ba2 cxd4 13. cxd4 h6 14. dxe5 Nxe5
15. Bb2 Nxf3+ 16. Qxf3 Nh7 17. Rfc1 Qe7 18. Bd4 Rd8 19. Qg3 Ng5 20. Rc7 Rd7 21.
Rac1 Rxc7 22. Rxc7 Qf8 23. Bc5 Qd8 24. Be7 Qd1+ 25. Kh2 Qa1 26. Bxg5 Qxa2 27.
Bxh6 Qb2 28. Bf4 Be6 29. Be5 1-0

[Event "Balaguer op"]
[Site "?"]
[Date "2011.07.18"]
[Round "2"]
[White "Guadamuro Torrente, AI."]
[Black "Lariño Nieto, D."]
[Result "1/2-1/2"]
[WhiteElo "2177"]
[BlackElo "2495"]
[PlyCount "120"]
[EventDate "2011.??.??"]
[EventType "swiss"]
[Source "Chessbase"]
[SourceDate "2011.07.29"]

1. e4 d6 2. d4 a6 3. Nf3 g6 4. Nc3 Bg7 5. Be3 b5 6. a3 Bb7 7. h3 Nd7 8. Be2 c5
9. O-O b4 10. axb4 cxb4 11. Nd5 a5 12. Bd3 e6 13. Nf4 Ne7 14. Re1 O-O 15. Qd2
Qc7 16. Ne2 Nb6 17. b3 e5 18. Bh6 f5 19. Bxg7 Kxg7 20. Ng5 Qd7 21. exf5 gxf5
22. dxe5 h6 23. Nd4 dxe5 24. Nde6+ Kg6 25. Nxf8+ Rxf8 26. Nf3 Bxf3 27. gxf3 Nc6
28. Qe3 Nd5 29. Qc5 Rf6 30. Bb5 Kh5 31. Kh2 f4 32. Rg1 Nde7 33. Rae1 Qf5 34.
Bd3 Qe6 35. Bc4 Qf5 36. Bd3 Qe6 37. Rg4 Nf5 38. Rxf4 Nh4 39. Rxf6 Qxf6 40. Be4
Nd4 41. Qc8 Nhxf3+ 42. Kh1 Qf4 43. Qg4+ Qxg4 44. hxg4+ Kxg4 45. Bxf3+ Nxf3 46.
Ra1 Nd4 47. Rxa5 e4 48. Kg2 Nxc2 49. Re5 Kf4 50. Rh5 e3 51. fxe3+ Nxe3+ 52. Kf2
Nf5 53. Rh1 Ke4 54. Rf1 Nd6 55. Ke2 h5 56. Kf2 h4 57. Rh1 Nf5 58. Rc1 Nd6 59.
Rh1 Nf5 60. Rc1 Nd6 1/2-1/2

[Event "Balaguer op"]
[Site "?"]
[Date "2011.07.18"]
[Round "2"]
[White "Ivanov, J."]
[Black "Verdes Nadal, R."]
[Result "1-0"]
[WhiteElo "2398"]
[BlackElo "1995"]
[PlyCount "53"]
[EventDate "2011.??.??"]
[EventType "swiss"]
[Source "Chessbase"]
[SourceDate "2011.07.29"]

1. Nf3 Nf6 2. c4 c5 3. Nc3 Nc6 4. e3 g6 5. d4 cxd4 6. exd4 d5 7. cxd5 Nxd5 8.
Qb3 Nxc3 9. Bc4 e6 10. bxc3 Na5 11. Bb5+ Bd7 12. Qa4 b6 13. Ne5 Bxb5 14. Qxb5+
Ke7 15. Ba3+ Kf6 16. Bxf8 Rxf8 17. Nd7+ Kg7 18. Nxf8 Kxf8 19. O-O Rc8 20. Rad1
Qc7 21. Qg5 h5 22. Rd3 Nc4 23. d5 exd5 24. Rxd5 Qe7 25. Qf4 Na5 26. h3 Rxc3 27.
Qd4 1-0

[Event "Balaguer op"]
[Site "?"]
[Date "2011.07.18"]
[Round "2"]
[White "Janev, E."]
[Black "Ramon Perez, JL."]
[Result "1-0"]
[WhiteElo "2528"]
[BlackElo "2222"]
[PlyCount "102"]
[EventDate "2011.??.??"]
[EventType "swiss"]
[Source "Chessbase"]
[SourceDate "2011.07.29"]

1. e4 c5 2. c3 e6 3. Nf3 d5 4. exd5 exd5 5. Bb5+ Bd7 6. Bxd7+ Nxd7 7. O-O Bd6
8. d4 Ne7 9. dxc5 Nxc5 10. Na3 Qd7 11. Nc2 O-O 12. Bg5 Ne4 13. Bxe7 Bxe7 14.
Qd3 Rfd8 15. Rad1 Qa4 16. Ne3 Nf6 17. Qb1 Bc5 18. Nd4 g6 19. Rd3 Re8 20. Rfd1
Rad8 21. a3 Bb6 22. Qc2 Qd7 23. Qe2 Qe7 24. Ndc2 Qe5 25. Qf3 Kg7 26. g3 Qe4 27.
Kg2 Qa4 28. Nd4 Re4 29. c4 Rde8 30. b3 Qxa3 31. b4 Qxb4 32. Qxf6+ Kxf6 33.
Nxd5+ Ke5 34. Nf3+ Kf5 35. Nxb4 Rxc4 36. Nd5 Bc5 37. R1d2 Re2 38. h4 Rc2 39.
Rxc2 Rxc2 40. Nd2 a5 41. Nf4 b6 42. Rd7 a4 43. Rxf7+ Ke5 44. Rd7 a3 45. Rd5+
Kf6 46. Ne4+ Ke7 47. Nxc5 Rxc5 48. Rxc5 bxc5 49. Nd5+ Ke6 50. Nc3 Ke5 51. Kf3
Ke6 1-0

[Event "Balaguer op"]
[Site "?"]
[Date "2011.07.18"]
[Round "2"]
[White "Juan Bartroli, P."]
[Black "Sole Castañe, J."]
[Result "1-0"]
[WhiteElo "1860"]
[BlackElo "1634"]
[PlyCount "51"]
[EventDate "2011.??.??"]
[EventType "swiss"]
[Source "Chessbase"]
[SourceDate "2011.07.29"]

1. d4 d5 2. c4 e6 3. Nc3 Nf6 4. cxd5 Nxd5 5. e4 Nxc3 6. bxc3 b6 7. Nf3 Bb7 8.
Bd3 Be7 9. O-O Nd7 10. a4 a5 11. Be3 Rc8 12. Rb1 O-O 13. Nd2 e5 14. Qh5 g6 15.
Qh3 Bf6 16. f4 exd4 17. cxd4 Nb8 18. Nf3 Qd7 19. f5 Qe7 20. e5 Bxf3 21. Rxf3
Bh8 22. Bc4 Rcd8 23. fxg6 hxg6 24. Qh6 Bxe5 25. Qxg6+ Bg7 26. Bh6 1-0

[Event "Balaguer op"]
[Site "?"]
[Date "2011.07.18"]
[Round "2"]
[White "Orrit Sole, G."]
[Black "Turuguet Lopez, JL."]
[Result "1-0"]
[WhiteElo "1711"]
[BlackElo "1928"]
[PlyCount "95"]
[EventDate "2011.??.??"]
[EventType "swiss"]
[Source "Chessbase"]
[SourceDate "2011.07.29"]

1. Nf3 Nf6 2. g3 d6 3. Bg2 g6 4. O-O Bg7 5. d3 O-O 6. e4 e5 7. Nc3 Nc6 8. Ne2
h6 9. Ne1 Kh7 10. f4 exf4 11. gxf4 Ng4 12. c3 f5 13. h3 Nf6 14. Ng3 fxe4 15.
dxe4 Be6 16. f5 Bf7 17. Nd3 Nd7 18. Nf4 Nce5 19. fxg6+ Nxg6 20. Nf5 Be5 21.
Nxg6 Bxg6 22. Nxh6 Qh4 23. Qg4 Rxf1+ 24. Kxf1 Rf8+ 25. Nf5 Qg3 26. Ke2 Bxf5 27.
exf5 Nf6 28. Qxg3 Bxg3 29. Bxb7 Nh5 30. Be3 Re8 31. Kd3 Nf6 32. Bc6 Re5 33. Rf1
Bh4 34. Bd4 Re7 35. Bxa7 Nd7 36. Bxd7 Rxd7 37. Be3 Kg7 38. a4 c5 39. Kc4 Kf6
40. Kd5 Bg3 41. Bf4 Rg7 42. Bxg3 Rxg3 43. Kxd6 c4 44. Kc5 Rxh3 45. Kxc4 Rh4+
46. Kb5 Rh2 47. b4 Rc2 48. c4 1-0

[Event "Balaguer op"]
[Site "?"]
[Date "2011.07.18"]
[Round "2"]
[White "Parramon Guillaumet, J."]
[Black "Aldoma Pubill, R."]
[Result "0-1"]
[WhiteElo "1928"]
[BlackElo "1678"]
[PlyCount "92"]
[EventDate "2011.??.??"]
[EventType "swiss"]
[Source "Chessbase"]
[SourceDate "2011.07.29"]

1. c4 e5 2. Nc3 Nf6 3. Nf3 Nc6 4. g3 d5 5. cxd5 Nxd5 6. Bg2 Nb6 7. O-O Be7 8.
d3 Be6 9. Be3 O-O 10. d4 exd4 11. Nxd4 Nxd4 12. Bxd4 c6 13. e4 c5 14. Be3 Qxd1
15. Raxd1 Nc4 16. Bc1 Bf6 17. Na4 Bd4 18. b3 Nb6 19. Nb2 Rfd8 20. h3 a5 21. Nd3
c4 22. Nf4 cxb3 23. axb3 Bxb3 24. Rxd4 Rxd4 25. Be3 Rb4 26. Nd3 Rb5 27. Ra1 Nc4
28. Bf4 a4 29. Bf1 Rb6 30. Nc5 Rc8 31. Bxc4 Bxc4 32. Rxa4 Rb1+ 33. Kg2 b5 34.
Ra7 Bf1+ 35. Kh2 h6 36. Be3 Bc4 37. Rb7 b4 38. g4 Ba2 39. Nd3 b3 40. Kg3 Rc3
41. Ne5 b2 42. Kh4 Bb3 43. Nd7 Rbc1 44. Bd4 b1=Q 45. Bxc3 g5+ 46. Kh5 Rxc3 0-1

[Event "Balaguer op"]
[Site "?"]
[Date "2011.07.18"]
[Round "2"]
[White "Quintas Galeano, L."]
[Black "Pozo Vera, S."]
[Result "0-1"]
[WhiteElo "2155"]
[BlackElo "2471"]
[PlyCount "72"]
[EventDate "2011.??.??"]
[EventType "swiss"]
[Source "Chessbase"]
[SourceDate "2011.07.29"]

1. e4 c6 2. d4 d5 3. Nc3 dxe4 4. Nxe4 Nf6 5. Nxf6+ gxf6 6. c3 Qd5 7. Qf3 Nd7 8.
Qxd5 cxd5 9. Nf3 Nb6 10. Bf4 Bd7 11. Bd3 Rc8 12. O-O h5 13. h3 Bh6 14. Bxh6
Rxh6 15. Rfe1 h4 16. Re2 Kd8 17. Rae1 e6 18. Rc2 Na4 19. Rec1 b5 20. Re1 Rh8
21. Re3 Ke7 22. Kh2 Kd6 23. Rce2 a5 24. Ng1 b4 25. cxb4 axb4 26. Rf3 f5 27. Rf4
Rc1 28. Nf3 Ra1 29. Rxh4 Rxh4 30. Nxh4 Rxa2 31. b3 Ra3 32. Bc2 Nc3 33. Rd2 Ne4
34. Rd3 Ra2 35. Bb1 Rb2 36. Rd1 Nc3 0-1

[Event "Balaguer op"]
[Site "?"]
[Date "2011.07.18"]
[Round "2"]
[White "Trepat Herranz, J."]
[Black "Torner Planell, J."]
[Result "1-0"]
[WhiteElo "2352"]
[BlackElo "1935"]
[PlyCount "109"]
[EventDate "2011.??.??"]
[EventType "swiss"]
[Source "Chessbase"]
[SourceDate "2011.07.29"]

1. c4 Nf6 2. d4 c5 3. d5 b5 4. cxb5 a6 5. bxa6 Bxa6 6. Nc3 d6 7. g3 g6 8. Bg2
Bg7 9. Nf3 O-O 10. O-O Qa5 11. Bd2 Bb7 12. Rb1 Qa6 13. Ne1 Nbd7 14. b3 Nb6 15.
e4 Nfd7 16. Bf3 Rad8 17. a4 e6 18. dxe6 fxe6 19. Nb5 Na8 20. Bg5 Nf6 21. Qc2
Qb6 22. e5 dxe5 23. Bxb7 Qxb7 24. Qxc5 Ne4 25. Qe7 Rd7 26. Qxe6+ Kh8 27. Be3
Nd2 28. Bxd2 Rxd2 29. Nd6 Qa7 30. Ne4 Rd4 31. Qc6 Nc7 32. Nc2 Rd3 33. Nb4 Rd4
34. Nc2 Rd3 35. Rfd1 Rdf3 36. Rd2 Bh6 37. Re2 Bg7 38. Ne1 R3f7 39. Rd1 Qb8 40.
Qc4 Qb6 41. b4 Ne8 42. a5 Qa7 43. Ra2 Nf6 44. Ng5 Rc7 45. Qe2 Re7 46. Ne4 Qb7
47. Nxf6 Bxf6 48. b5 e4 49. b6 Re6 50. Qe3 Ra8 51. Rb1 Ra6 52. Nc2 Bd8 53. Qd4+
Bf6 54. Qc4 Rc6 55. Qxe4 1-0

[Event "Balaguer op"]
[Site "?"]
[Date "2011.07.18"]
[Round "2"]
[White "Tuz, M."]
[Black "Mellado Triviño, J."]
[Result "0-1"]
[WhiteElo "2080"]
[BlackElo "2433"]
[PlyCount "56"]
[EventDate "2011.??.??"]
[EventType "swiss"]
[Source "Chessbase"]
[SourceDate "2011.07.29"]

1. d4 d5 2. c4 dxc4 3. Nc3 Nf6 4. Nf3 c5 5. e3 cxd4 6. exd4 Be6 7. Bf4 Nc6 8.
Be2 Bd5 9. O-O e6 10. Ne5 Bd6 11. Nxc6 bxc6 12. Bxd6 Qxd6 13. Qa4 O-O 14. Bxc4
Bxc4 15. Qxc4 Rfb8 16. b3 Rb4 17. Qa6 Rxd4 18. Qb7 Qd8 19. Na4 Qc8 20. Qe7 Qd7
21. Qa3 Rd8 22. g3 Ne4 23. f3 Rd2 24. Qb4 Ng5 25. Qg4 Qd3 26. Rae1 Qc2 27. Qh4
Rg2+ 28. Kh1 Rdd2 0-1

[Event "Balaguer op"]
[Site "?"]
[Date "2011.07.18"]
[Round "2"]
[White "Volodin, A."]
[Black "Iagar, RG."]
[Result "1-0"]
[WhiteElo "2523"]
[BlackElo "2162"]
[PlyCount "99"]
[EventDate "2011.??.??"]
[EventType "swiss"]
[Source "Chessbase"]
[SourceDate "2011.07.29"]

1. d4 d5 2. c4 c6 3. Nf3 Nf6 4. e3 Bg4 5. Nc3 e6 6. h3 Bh5 7. g4 Bg6 8. Ne5 Bd6
9. Nxg6 hxg6 10. Bd2 Nbd7 11. Qf3 Qc7 12. Rc1 Qd8 13. Be2 Rc8 14. g5 Ng8 15. h4
Ne7 16. h5 gxh5 17. Rxh5 Rxh5 18. Qxh5 Nf5 19. g6 Qf6 20. gxf7+ Qxf7 21. Qh8+
Qf8 22. Qh3 Qf6 23. Bd3 g6 24. Ke2 Rd8 25. Rg1 Nf8 26. Kd1 Rd7 27. Qf3 Rf7 28.
cxd5 exd5 29. Qg4 Bc7 30. Re1 Re7 31. Rg1 Rf7 32. a3 Rh7 33. Qf3 Rf7 34. Nxd5
cxd5 35. Qxd5 Nd6 36. f4 Re7 37. e4 Qf7 38. Qxf7+ Rxf7 39. e5 Nf5 40. d5 Bb6
41. Re1 Bc5 42. b4 Bb6 43. a4 a6 44. a5 Bf2 45. Re2 Bh4 46. b5 axb5 47. Bxb5+
Kd8 48. Re4 Be7 49. Rc4 Ba3 50. a6 1-0

[Event "Balaguer op"]
[Site "?"]
[Date "2011.07.19"]
[Round "3"]
[White "Aldoma Pubill, R."]
[Black "Villa Gimenez, C."]
[Result "0-1"]
[WhiteElo "1678"]
[BlackElo "2013"]
[PlyCount "52"]
[EventDate "2011.??.??"]
[EventType "swiss"]
[Source "Chessbase"]
[SourceDate "2011.07.29"]

1. e4 c5 2. Nf3 Nc6 3. d4 cxd4 4. Nxd4 g6 5. Nc3 Bg7 6. Be3 Nf6 7. f3 O-O 8.
Qd2 d5 9. Nxc6 bxc6 10. O-O-O Qc7 11. Bh6 e5 12. h4 d4 13. Ne2 c5 14. Bxg7 Kxg7
15. h5 c4 16. Ng3 c3 17. h6+ Kh8 18. Qg5 Ne8 19. Kb1 f6 20. Qc1 Rb8 21. b3 a5
22. Qa3 Rf7 23. Bc4 Qxc4 24. Qxa5 Qc6 25. Qd8 Ra7 26. Nh5 Qa4 0-1

[Event "Balaguer op"]
[Site "?"]
[Date "2011.07.19"]
[Round "3"]
[White "Arribas Robaina, M."]
[Black "Bedoya Ribo, J."]
[Result "1-0"]
[WhiteElo "2292"]
[BlackElo "1915"]
[PlyCount "57"]
[EventDate "2011.??.??"]
[EventType "swiss"]
[Source "Chessbase"]
[SourceDate "2011.07.29"]

1. e4 c6 2. d4 d5 3. Nc3 dxe4 4. Nxe4 Nd7 5. Bc4 Ngf6 6. Ng5 e6 7. Qe2 Nb6 8.
Bb3 a5 9. a3 a4 10. Ba2 h6 11. N5f3 Bd6 12. Nh3 O-O 13. Nf4 Nbd5 14. Nd3 b6 15.
O-O Qc7 16. c4 Nf4 17. Bxf4 Bxf4 18. Nfe5 Bxe5 19. dxe5 Nd7 20. f4 c5 21. Rf3
Bb7 22. Rg3 Qc6 23. Qg4 g6 24. Nf2 Rfd8 25. Qh4 Kg7 26. Rd1 Qc7 27. Qe7 Bc6 28.
Bb1 Re8 29. Rxg6+ 1-0